000 01121nam a22003377a 4500
003 CHAP
005 20220817044155.0
008 337240c2035884 it rn 00110 spa d
010 _a93847
011 _a94819
020 _a9789253054183
035 _a105417
040 _cCHAP
082 0 4 _a639.2
_bF41Y v.10
110 2 _aFAO
245 1 0 _aAumento de la contribución de la pesca en pequeña escala a la mitigación de la pobreza y a la seguridad alimentaria
_c/por FAO
260 _aRome :
_bFAO,
_c2006.
300 _a89 p.
490 0 _aFAO. Orientaciones técnicas para la pesca responsable
_v; 10
590 _aBATCH-UPD
_b10
_c20130110
_lUCH01
_h1055
590 _aBATCH-UPD
_b10
_c20130410
_lUCH01
_h0650
590 _aBATCH-UPD
_b10
_c20130914
_lUCH01
_h0213
590 _aCONVERSION
_b10
_c20130109
_lUCH01
_h1352
650 1 4 _aAlimentos
_xAbastecimiento.
650 1 4 _aPesca.
830 0 _aFAO. Orientaciones técnicas para la pesca responsable
_v; 10
_939642
901 _aBK
905 _aElisama A. H.
942 _cLIBRO
949 _a639.2 F41Y v.10
_bBC
_cFAO
_d33724002035991
_eFAO1
_h108674
_i105417
_sb
999 _c93847
_d93847